000 00916nam a2200241Ia 4500
003 GCL
008 140319s9999 xx 000 0 ara d
020 _a7135487977
040 _aGCL /
_cGCL
082 0 4 _aق
_b962.065
_bف غ
100 1 _aفادية سراج الدين
245 1 0 _aالغرب والوحدة المصرية السورية 1958 /
_cفادية سراج الدين
250 _aالاولى
260 _aالقاهرة :
_bعين للدراسات والبحوث الانسانية والاجتماعية ،
_c1994
300 _a123 ص ؛
_c19 سم
490 _aدراسات عين
_v4
650 0 4 _aالولايات المتحدة الامريكية
650 0 4 _aالوحدة العربية
650 0 4 _aالغرب
650 0 4 _aالوحدة السياسية
650 0 4 _aسوريا - تاريخ - العصر الحديث - الوحدة مع مصر(1958- 1961)
942 _2ddc
_cBK
999 _c30357
_d30357